000 00304nam a2200109 4500
999 _c10225
_d10225
008 180808b ||||| |||| 00| 0 eng d
245 _aSyrian food crisis deepens as war chokes farming.
260 _aPhilippines
_bManila Bulletin
_cc2016
300 _apage 6.
650 0 _930193
_aFood.
942 _2ddc
_cPER